Taylor Swift 04 - Statistics

General Stats
  • This quiz has been taken 31 times
    22 since last reset
  • The average score is 367 of 422
Answer Stats
Answer % Correct
a
100%
I
100%
it
100%
me
100%
my
100%
was
100%
you
100%
an
93%
be
93%
can
93%
do
93%
in
93%
man
93%
so
93%
the
93%
there
93%
to
93%
what
93%
when
93%
you're
93%
again
87%
and
87%
as
87%
at
87%
'cause
87%
coming
87%
cool
87%
fast
87%
for
87%
from
87%
get
87%
had
87%
how
87%
I'd
87%
if
87%
If
87%
I'm
87%
it's
87%
like
87%
mad
87%
of
87%
running
87%
say
87%
sick
87%
that
87%
their
87%
them
87%
then
87%
they
87%
would
87%
all
80%
believes
80%
complex
80%
could
80%
every
80%
everyone
80%
just
80%
not
80%
oh
80%
okay
80%
out
80%
play
80%
put
80%
quicker
80%
they'd
80%
this
80%
wondering
80%
wouldn't
80%
ya
80%
alpha
73%
bad
73%
bitch
73%
boss
73%
commit
73%
deserve
73%
dollars
73%
fearless
73%
good
73%
heads
73%
leader
73%
Leo
73%
make
73%
models
73%
more
73%
much
73%
someone
73%
what's
73%
work
73%
before
67%
found
67%
ideas
67%
know
67%
made
67%
moves
67%
power
67%
question
67%
rude
67%
separated
67%
shake
67%
type
67%
wearing
67%
bitches
60%
field
60%
flashing
60%
let
60%
played
60%
players
60%
Saint
60%
about
53%
getting
53%
hustled
53%
Tropez
53%
yeah
53%
baller
47%
conquest
47%
paint
47%
toast
47%
raking
27%
brag
20%
hey
20%
No matching quizzes found
Score Distribution
Percent of People with Each Score
Percentile by Number Answered
Your Score History
You have not taken this quiz since the last reset